[Event "Junior Online 4NCL Division 4"]
[Site "online"]
[Date "2021.01.21"]
[Round "1.42"]
[White "Qiu, Calvin"]
[Black "Eccleston, Rowan"]
[Result "1-0"]
[WhiteElo "1073"]
[BlackElo "1295"]
[PlyCount "149"]
[EventDate "2021.01.21"]
[WhiteTeam "Muswell Hill Knights"]
[BlackTeam "Manchester Juniors D"]

1. e4 e6 2. d4 d5 3. exd5 exd5 4. Qe2+ Be7 5. Nf3 Bg4 6. h3 Bxf3 7. Qxf3 Nf6 8.
Bg5 O-O 9. Bd3 Re8 10. O-O h6 11. Bxh6 gxh6 12. Qg3+ Kf8 13. Qh4 Ng8 14. Qh5
Qd6 15. Nc3 Nd7 16. Bh7 Ndf6 17. Qf5 Nxh7 18. Qxh7 Qg6 19. Qxg6 fxg6 20. Nxd5
c6 21. Nc7 Rec8 22. Nxa8 Rxa8 23. f4 Bf6 24. f5 Bxd4+ 25. Kh1 g5 26. Rad1 Bxb2
27. Rd7 b6 28. Re1 Nf6 29. Rb7 Nh5 30. Ree7 Kg8 31. Rh7 Ng7 32. Rxh6 Nxf5 33.
Rg6+ Ng7 34. Rxg5 Bc3 35. Rc7 c5 36. Rg3 Be5 37. Rcxg7+ Bxg7 38. h4 Re8 39. Kg1
Re2 40. h5 Re5 41. h6 Re7 42. hxg7 Rxg7 43. Rxg7+ Kxg7 44. Kf2 Kf6 45. Ke3 Ke5
46. c4 a6 47. a4 a5 48. g4 Kf6 49. Kf4 Kg6 50. Ke5 Kg5 51. Kd6 Kxg4 52. Kc6 Kf4
53. Kxb6 Ke4 54. Kxc5 Kd3 55. Kb5 Kd4 56. c5 Kd5 57. Kb6 Kc4 58. c6 Kb4 59. c7
Kxa4 60. c8=Q Ka3 61. Qc3+ Ka2 62. Qxa5+ Kb3 63. Kc5 Kb2 64. Qa4 Kc3 65. Qc4+
Kd2 66. Qb3 Ke2 67. Qc3 Kf2 68. Qd3 Kg2 69. Qe3 Kh2 70. Qf3 Kg1 71. Qe2 Kh1 72.
Kd4 Kg1 73. Ke3 Kh1 74. Kf3 Kg1 75. Qg2# 1-0

[Event "Junior Online 4NCL Division 4"]
[Site "online"]
[Date "2021.01.21"]
[Round "1.43"]
[White "Correa, Edward"]
[Black "Bedretdinov, Ruslan"]
[Result "1-0"]
[WhiteElo "1211"]
[BlackElo "1120"]
[PlyCount "53"]
[EventDate "2021.01.21"]
[WhiteTeam "Manchester Juniors D"]
[BlackTeam "Muswell Hill Knights"]

1. e4 e5 2. Nf3 Nc6 3. d4 exd4 4. Bc4 Nf6 5. e5 Ng8 6. O-O d5 7. Bb5 Nge7 8.
Nxd4 g6 9. Nxc6 Nxc6 10. Bxc6+ bxc6 11. Be3 Bg7 12. Bd4 O-O 13. Nc3 Re8 14. Re1
Rb8 15. b3 Be6 16. Bxa7 Rb4 17. Bc5 Rg4 18. h3 Rg5 19. Kh2 Bxe5+ 20. g3 Bxc3
21. Be3 Re5 22. Bd2 Rxe1 23. Qxe1 Bxa1 24. Qxa1 Qd6 25. Bh6 f6 26. Qxf6 Re7 27.
Qf8# 1-0

[Event "Junior Online 4NCL Division 4"]
[Site "online"]
[Date "2021.01.21"]
[Round "1.44"]
[White "Sawyer, Charlie"]
[Black "Burke, Alexander"]
[Result "0-1"]
[WhiteElo "941"]
[BlackElo "1133"]
[PlyCount "88"]
[EventDate "2021.01.21"]
[WhiteTeam "Muswell Hill Knights"]
[BlackTeam "Manchester Juniors D"]

1. e4 e5 2. Nf3 Nc6 3. Nc3 d6 4. Bc4 Be7 5. b3 Bg4 6. h3 Bxf3 7. Qxf3 Nf6 8.
Bb2 Nd4 9. Qe3 Nxc2+ 10. Kd1 Nxe3+ 11. fxe3 O-O 12. Kc2 c6 13. Rag1 b5 14. Bd3
d5 15. exd5 Nxd5 16. Nxd5 Qxd5 17. g4 Bh4 18. e4 Qc5+ 19. Kd1 a5 20. g5 f6 21.
gxf6 Rxf6 22. Rg4 Qf2 23. Bxe5 Qf3+ 24. Be2 Qxh1+ 25. Kc2 Rg6 26. Rxh4 Qg2 27.
Bh5 Rg5 28. Rf4 Rxe5 29. Bf3 Qg6 30. Rg4 Qd6 31. h4 Qc5+ 32. Kd1 Qf2 33. Be2
Rd8 34. h5 Qe3 35. Ke1 Qxd2+ 36. Kf2 Rxh5 37. Kg3 Rg5 38. Rxg5 Qxg5+ 39. Bg4
Rd3+ 40. Kf2 Qxg4 41. Ke1 Qg2 42. b4 Qxa2 43. bxa5 Rb3 44. e5 Rb1# 0-1

[Event "Junior Online 4NCL Division 4"]
[Site "online"]
[Date "2021.01.21"]
[Round "1.45"]
[White "Burnton, Joshua"]
[Black "Eccleston, Bryony"]
[Result "1-0"]
[WhiteElo "1472"]
[BlackElo "1332"]
[PlyCount "161"]
[EventDate "2021.01.21"]
[WhiteTeam "Muswell Hill Knights"]
[BlackTeam "Manchester Juniors D"]

1. e4 e6 2. c4 d5 3. cxd5 exd5 4. Qb3 dxe4 5. Bc4 Qf6 6. Nc3 Bc5 7. Nxe4 Qe7 8.
d3 Nf6 9. f3 O-O 10. Bg5 Re8 11. O-O-O Nc6 12. Re1 Na5 13. Qc3 Nc6 14. Nxf6+
gxf6 15. Rxe7 Rxe7 16. Bh4 Bd4 17. Qd2 Be3 18. Bxf6 Bxd2+ 19. Kxd2 Re8 20. Ne2
Be6 21. Bb5 Bxa2 22. Ra1 Bd5 23. Nf4 Be6 24. Ra4 a6 25. Bxc6 bxc6 26. Ra5 Bd7
27. Nh5 Re6 28. Rg5+ Kf8 29. Bg7+ Ke8 30. Bf6 Rxf6 31. Nxf6+ Ke7 32. Nxd7 Kxd7
33. Rg7 Ke7 34. Rxh7 Rg8 35. g3 Rb8 36. Kc3 a5 37. Rh6 Rb6 38. Rh5 a4 39. Ra5
Rb3+ 40. Kc2 Rb4 41. h4 Kf6 42. g4 Rf4 43. Rc5 Rxf3 44. Rxc6+ Kg7 45. Rxc7 Rf2+
46. Kc3 Rf4 47. Rc4 Rf1 48. Rxa4 Rc1+ 49. Kd2 Rh1 50. h5 Rh2+ 51. Kc3 Rh1 52.
Ra5 Rc1+ 53. Kd2 Rg1 54. Ra4 Kh6 55. Ra7 f6 56. Ra8 Rxg4 57. Rh8+ Kg5 58. Rg8+
Kxh5 59. Rxg4 Kxg4 60. b4 Kf5 61. Ke3 Ke5 62. b5 Kd6 63. d4 Kc7 64. d5 Kd6 65.
Kd4 f5 66. b6 Kd7 67. Ke5 f4 68. Kxf4 Kd6 69. Kf5 Kd7 70. b7 Kc7 71. Ke6 Kxb7
72. Ke7 Kc8 73. d6 Kb7 74. d7 Ka7 75. d8=Q Ka6 76. Qb8 Ka5 77. Kd6 Ka4 78. Qb6
Ka3 79. Kc5 Ka2 80. Kc4 Ka3 81. Qb3# 1-0

[Event "Junior Online 4NCL Division 4"]
[Site "online"]
[Date "2021.01.21"]
[Round "1.46"]
[White "Eccleston, Rowan"]
[Black "Qiu, Calvin"]
[Result "1-0"]
[WhiteElo "1295"]
[BlackElo "1073"]
[PlyCount "29"]
[EventDate "2021.01.21"]
[WhiteTeam "Manchester Juniors D"]
[BlackTeam "Muswell Hill Knights"]

1. f4 d5 2. Nf3 Nc6 3. e3 Nf6 4. Bb5 e6 5. Bxc6+ bxc6 6. O-O c5 7. b3 Bd6 8.
Bb2 O-O 9. Qe1 Ba6 10. d3 c6 11. Qg3 h6 12. Nbd2 Qe7 13. e4 dxe4 14. Nxe4 Nxe4
15. Qxg7# 1-0

[Event "Junior Online 4NCL Division 4"]
[Site "online"]
[Date "2021.01.21"]
[Round "1.47"]
[White "Bedretdinov, Ruslan"]
[Black "Correa, Edward"]
[Result "0-1"]
[WhiteElo "1120"]
[BlackElo "1211"]
[PlyCount "106"]
[EventDate "2021.01.21"]
[WhiteTeam "Muswell Hill Knights"]
[BlackTeam "Manchester Juniors D"]

1. e4 c5 2. Nf3 e6 3. Nc3 a6 4. d4 cxd4 5. Nxd4 b6 6. Be3 d6 7. f3 Bb7 8. Qd2
Qc7 9. O-O-O Nd7 10. h4 h6 11. g4 Be7 12. h5 e5 13. Nf5 Bf6 14. g5 hxg5 15.
Bxg5 Qd8 16. Nxg7+ Kf8 17. Bxf6 Qxf6 18. Nf5 Nh6 19. Nxd6 Rb8 20. Nc4 b5 21.
Na5 Bc8 22. Nd5 Qxf3 23. Qb4+ Kg7 24. Rg1+ Kh7 25. Bd3 Nb6 26. Be2 Nxd5 27.
exd5 Qxe2 28. Nc6 Rb7 29. Qb3 Qe4 30. Qg3 Qf4+ 31. Qxf4 exf4 32. Nd4 Rd7 33.
Ne2 Rg8 34. Nc3 Bb7 35. Ne4 Rxg1 36. Rxg1 Ng8 37. Nc5 Rc7 38. Ne4 Bxd5 39. b3
Bxe4 40. Kb2 Rxc2+ 41. Ka3 a5 42. b4 axb4+ 43. Kxb4 Bd3 44. a3 Bc4 45. a4 bxa4
46. Kxa4 f3 47. h6 Nxh6 48. Rf1 Bxf1 49. Ka3 Bd3 50. Ka4 f2 51. Ka3 f1=Q 52.
Ka4 Qb1 53. Ka3 Ra2# 0-1

[Event "Junior Online 4NCL Division 4"]
[Site "online"]
[Date "2021.01.21"]
[Round "1.48"]
[White "Burke, Alexander"]
[Black "Sawyer, Charlie"]
[Result "1-0"]
[WhiteElo "1133"]
[BlackElo "941"]
[PlyCount "37"]
[EventDate "2021.01.21"]
[WhiteTeam "Manchester Juniors D"]
[BlackTeam "Muswell Hill Knights"]

1. e4 e5 2. Nf3 Nc6 3. Bc4 Bc5 4. Nc3 b6 5. d3 Bb7 6. Ng5 Qe7 7. Nxf7 Nf6 8.
Bg5 h6 9. Bxf6 Qxf6 10. O-O Rf8 11. Nd5 Qd6 12. Nxd6+ cxd6 13. Nc7+ Ke7 14.
Nxa8 Bxa8 15. Qh5 Kd8 16. Qg6 Ne7 17. Qxg7 Re8 18. Bf7 Rg8 19. Bxg8 1-0

[Event "Junior Online 4NCL Division 4"]
[Site "online"]
[Date "2021.01.21"]
[Round "1.51"]
[White "Timbrell, Matthew"]
[Black "Kanellopoulos, Nickolas"]
[Result "1-0"]
[WhiteElo "1616"]
[BlackElo "1465"]
[PlyCount "75"]
[EventDate "2021.01.21"]
[WhiteTeam "Somerset Lions"]
[BlackTeam "Colchester Juniors B"]

1. c4 e5 2. Nc3 Nc6 3. g3 Nf6 4. Bg2 Be7 5. e3 d6 6. Nge2 Be6 7. d3 d5 8. cxd5
Nxd5 9. O-O O-O 10. Nxd5 Bxd5 11. Nc3 Bxg2 12. Kxg2 Qd7 13. Qe2 Rad8 14. Rd1
Bb4 15. a3 Bxc3 16. bxc3 e4 17. d4 Ne7 18. c4 c5 19. d5 Ng6 20. Bb2 Rfe8 21.
Bc3 a6 22. Rdb1 Rb8 23. Rb3 b5 24. Rab1 b4 25. axb4 cxb4 26. Rxb4 Rxb4 27. Rxb4
Ne5 28. Bxe5 Rxe5 29. Qa2 Qc8 30. Ra4 Re7 31. Rxa6 Rc7 32. Ra8 Rxc4 33. Rxc8+
Rxc8 34. Qa6 Rd8 35. Qc6 Kf8 36. d6 f6 37. Qc7 g6 38. Qxd8+ 1-0

[Event "Junior Online 4NCL Division 4"]
[Site "online"]
[Date "2021.01.21"]
[Round "1.52"]
[White "Catabay, Mae Katelyn Rose"]
[Black "Keech, Gabriel"]
[Result "0-1"]
[WhiteElo "1446"]
[BlackElo "1606"]
[PlyCount "102"]
[EventDate "2021.01.21"]
[WhiteTeam "Colchester Juniors B"]
[BlackTeam "Somerset Lions"]

1. e4 c5 2. Nf3 e6 3. d4 cxd4 4. Nxd4 Nf6 5. Nc3 d6 6. f3 a6 7. Be3 Be7 8. Qd2
Nbd7 9. g4 h6 10. h4 b5 11. Nc6 Qc7 12. Nxe7 Kxe7 13. Ne2 Ne5 14. Bg2 Bb7 15.
Bf4 Rhd8 16. Qc3 Rac8 17. Qxc7+ Rxc7 18. O-O-O Rcd7 19. Bxe5 dxe5 20. Rxd7+
Rxd7 21. Rd1 Ne8 22. Rxd7+ Kxd7 23. Nc3 Nd6 24. b3 Kc6 25. Kd2 Kc5 26. a4 b4
27. Nd1 Kd4 28. Ne3 a5 29. Bf1 g6 30. Nc4 Nxc4+ 31. Bxc4 Bc8 32. Be2 f5 33.
exf5 exf5 34. g5 hxg5 35. hxg5 f4 36. Bd3 Bb7 37. Ke2 e4 38. fxe4 Bxe4 39. Kd2
Bxd3 40. cxd3 f3 41. Ke1 Kxd3 42. Kf2 Ke4 43. Kf1 Kf4 44. Kf2 Kxg5 45. Kxf3 Kf5
46. Kg3 Kg5 47. Kf3 Kh4 48. Kg2 Kg4 49. Kg1 Kg3 50. Kf1 g5 51. Kg1 g4 0-1

[Event "Junior Online 4NCL Division 4"]
[Site "online"]
[Date "2021.01.21"]
[Round "1.53"]
[White "Wang, Andy"]
[Black "Granger, Charlotte"]
[Result "1-0"]
[WhiteElo "1388"]
[BlackElo "1308"]
[PlyCount "83"]
[EventDate "2021.01.21"]
[WhiteTeam "Somerset Lions"]
[BlackTeam "Colchester Juniors B"]

1. d4 d5 2. Bf4 Nc6 3. Nf3 Bf5 4. a3 Nf6 5. e3 e6 6. c4 dxc4 7. Bxc4 Be7 8. Nc3
O-O 9. Qb3 b6 10. Nb5 Rc8 11. O-O a6 12. Nc3 b5 13. Be2 Ne4 14. Rac1 Nxc3 15.
Qxc3 Na5 16. Qxa5 Qd7 17. Rxc7 Qd8 18. Qc3 Bd6 19. Bxd6 Qxd6 20. Rxc8 e5 21.
Qc5 Qxc5 22. Rxc5 h6 23. Rxe5 Bg6 24. Nh4 Bh7 25. Rc5 Re8 26. Rc6 a5 27. Bxb5
Rb8 28. Nf3 Bg6 29. a4 Be4 30. Ra6 Bb7 31. Rxa5 Be4 32. Ra7 Rf8 33. Bc4 Bg6 34.
Ne5 Bh5 35. g4 Bxg4 36. Nxg4 h5 37. Ne5 g6 38. Bxf7+ Kh8 39. Nxg6+ Kg7 40. Be8+
Kg8 41. Nxf8 Kxf8 42. Bxh5 1-0

[Event "Junior Online 4NCL Division 4"]
[Site "online"]
[Date "2021.01.21"]
[Round "1.54"]
[White "Beer, James"]
[Black "Ranpura, Kirin"]
[Result "0-1"]
[WhiteElo "1275"]
[BlackElo "1379"]
[PlyCount "53"]
[EventDate "2021.01.21"]
[WhiteTeam "Colchester Juniors B"]
[BlackTeam "Somerset Lions"]

1. e4 e6 2. d4 d5 3. exd5 exd5 4. Nf3 Bd6 5. Nc3 Nf6 6. Bg5 c6 7. Qe2+ Be6 8.
Bh4 O-O 9. Ng5 Bf5 10. Bg3 Re8 11. Be5 Nbd7 12. f4 Ng4 13. O-O-O f6 14. h3 Nh6
15. Nf3 fxe5 16. fxe5 Bg6 17. e6 Nf6 18. g4 Ne4 19. Nxe4 Bxe4 20. Bg2 Rxe6 21.
Ng5 Qxg5+ 22. Kb1 Rae8 23. Bxe4 Rxe4 24. Qf3 Qd8 25. Rhe1 Rxe1 26. Rxe1 Rxe1+
27. Qd1 0-1

[Event "Junior Online 4NCL Division 4"]
[Site "online"]
[Date "2021.01.21"]
[Round "1.55"]
[White "Kanellopoulos, Nickolas"]
[Black "Timbrell, Matthew"]
[Result "1-0"]
[WhiteElo "1465"]
[BlackElo "1616"]
[PlyCount "107"]
[EventDate "2021.01.21"]
[WhiteTeam "Colchester Juniors B"]
[BlackTeam "Somerset Lions"]

1. e4 c6 2. d4 d5 3. e5 Bf5 4. Nf3 e6 5. c3 Nd7 6. Bd3 Bxd3 7. Qxd3 c5 8. Bg5
Be7 9. Bxe7 Qxe7 10. O-O Nh6 11. Nbd2 Nf5 12. a3 b6 13. b4 c4 14. Qe2 O-O 15.
Ne1 b5 16. Qg4 Qh4 17. Qxh4 Nxh4 18. Nef3 Nxf3+ 19. Nxf3 Nb6 20. Nh4 Na4 21.
Rfc1 h6 22. f4 Kh7 23. Ra2 a6 24. f5 Rae8 25. fxe6 fxe6 26. Rf2 Rxf2 27. Kxf2
Nb2 28. Ke3 Rf8 29. Nf3 Nd3 30. Rf1 g5 31. Nxg5+ Kg8 32. Rxf8+ Kxf8 33. Nxe6+
Ke7 34. Nc5 Ne1 35. g3 Nc2+ 36. Kd2 Na1 37. Nxa6 Nb3+ 38. Kc2 Ke6 39. Nc5+ Nxc5
40. bxc5 b4 41. axb4 h5 42. b5 h4 43. b6 hxg3 44. hxg3 Kd7 45. g4 Kc6 46. g5
Kb7 47. g6 Kb8 48. g7 Kb7 49. g8=Q Kc6 50. Qe6+ Kb5 51. Qd7+ Ka5 52. b7 Ka6 53.
b8=Q Ka5 54. Qdb5# 1-0

[Event "Junior Online 4NCL Division 4"]
[Site "online"]
[Date "2021.01.21"]
[Round "1.56"]
[White "Keech, Gabriel"]
[Black "Catabay, Mae Katelyn Rose"]
[Result "0-1"]
[WhiteElo "1606"]
[BlackElo "1446"]
[PlyCount "120"]
[EventDate "2021.01.21"]
[WhiteTeam "Somerset Lions"]
[BlackTeam "Colchester Juniors B"]

1. c4 e5 2. g3 Nf6 3. Bg2 c6 4. Nc3 d5 5. cxd5 cxd5 6. e3 Nc6 7. Nge2 Be6 8. d4
exd4 9. Nxd4 Bd6 10. Qa4 Qd7 11. Nxe6 fxe6 12. Qb3 O-O 13. O-O Ne5 14. f4 Nc4
15. e4 Bc5+ 16. Kh1 Nb6 17. Rd1 Ng4 18. Rd2 Nf2+ 19. Rxf2 Bxf2 20. exd5 exd5
21. Nxd5 Nxd5 22. Qxd5+ Rf7 23. b3 Kh8 24. Bb2 Qxd5 25. Bxd5 Rd7 26. Bc4 Rad8
27. Bc3 Rd1+ 28. Kg2 Rxa1 29. Bxa1 Bd4 30. Bxd4 Rxd4 31. a4 Rd2+ 32. Kh3 b6 33.
g4 g6 34. Kg3 Kg7 35. h4 Kf6 36. g5+ Kg7 37. Kf3 h5 38. Ke4 Rh2 39. Bd5 Rxh4
40. Ke5 Rg4 41. Be6 Rg3 42. Ke4 h4 43. f5 Rxg5 44. fxg6 Rxg6 45. Bh3 Rg3 46.
Bf1 h3 47. Kf4 Rxb3 48. Kg4 h2 49. Bg2 Rb2 50. Ba8 Rb1 51. Kf4 h1=Q 52. Bxh1
Rxh1 53. Ke5 Ra1 54. Kd6 Rxa4 55. Kc6 Rc4+ 56. Kb5 Rc5+ 57. Ka6 Kf6 58. Kxa7 b5
59. Ka6 b4 60. Kb6 Re5 0-1

[Event "Junior Online 4NCL Division 4"]
[Site "online"]
[Date "2021.01.21"]
[Round "1.57"]
[White "Granger, Charlotte"]
[Black "Wang, Andy"]
[Result "1-0"]
[WhiteElo "1308"]
[BlackElo "1388"]
[PlyCount "147"]
[EventDate "2021.01.21"]
[WhiteTeam "Colchester Juniors B"]
[BlackTeam "Somerset Lions"]

1. e4 e5 2. Nf3 Nc6 3. Bc4 Bc5 4. d3 d6 5. O-O h6 6. Nc3 f5 7. exf5 Bxf5 8. Bd2
Nf6 9. Re1 Bg4 10. h3 Bh5 11. Ne4 Nxe4 12. dxe4 Rf8 13. Be2 Bf7 14. a3 Be6 15.
b4 Bb6 16. a4 a6 17. c4 Nd4 18. c5 dxc5 19. Nxd4 Qxd4 20. Bh5+ Bf7 21. Bxf7+
Rxf7 22. a5 Qxf2+ 23. Kh1 Ba7 24. Be3 Qf6 25. Qd2 Rd7 26. Qe2 Qh4 27. Qf3 Rf7
28. Qd1 Rd8 29. Qa4+ c6 30. Qb3 Rdd7 31. bxc5 Kf8 32. Qc3 Qf6 33. Qb3 Qe7 34.
Rf1 Kg8 35. Rfd1 Rxd1+ 36. Rxd1 Bxc5 37. Bxc5 Qxc5 38. Rd8+ Kh7 39. Qxf7 Qc1+
40. Kh2 Qg5 41. Qg8+ Kg6 42. Rd6+ Kh5 43. Qf7+ g6 44. Qf3+ Kh4 45. Rd7 Qf4+ 46.
Qxf4+ exf4 47. Rxb7 c5 48. Rc7 Kg5 49. Rxc5+ Kf6 50. Rc6+ Ke7 51. Rxa6 Kd7 52.
Rb6 Kc7 53. Kg1 h5 54. Kf2 g5 55. e5 g4 56. hxg4 hxg4 57. e6 g3+ 58. Kf3 Kd8
59. a6 Kc7 60. e7 Kxb6 61. e8=Q Kxa6 62. Kxf4 Kb6 63. Qc8 Kb5 64. Ke4 Kb4 65.
Kd4 Kb3 66. Kd3 Kb4 67. Kd4 Kb5 68. Qc4+ Kb6 69. Kd5 Ka5 70. Qb3 Ka6 71. Kc5
Ka7 72. Kc6 Ka8 73. Kc7 Ka7 74. Qb7# 1-0

[Event "Junior Online 4NCL Division 4"]
[Site "online"]
[Date "2021.01.21"]
[Round "1.58"]
[White "Ranpura, Kirin"]
[Black "Beer, James"]
[Result "1-0"]
[WhiteElo "1379"]
[BlackElo "1275"]
[PlyCount "29"]
[EventDate "2021.01.21"]
[WhiteTeam "Somerset Lions"]
[BlackTeam "Colchester Juniors B"]

1. d4 d5 2. Bf4 Bf5 3. e3 Nc6 4. c4 Nb4 5. Qa4+ Nc6 6. cxd5 Qxd5 7. Nc3 Qd7 8.
d5 Nb8 9. Bxc7 Nf6 10. Bg3 Qxa4 11. Nxa4 Nxd5 12. Rc1 Nb4 13. Nf3 Nxa2 14. Bb5+
Bd7 15. Rc8# 1-0

[Event "Junior Online 4NCL Division 4"]
[Site "online"]
[Date "2021.01.21"]
[Round "1.61"]
[White "Popat, Imara"]
[Black "Yerabati, Suhrith"]
[Result "1-0"]
[WhiteElo "1137"]
[BlackElo "1275"]
[PlyCount "81"]
[EventDate "2021.01.21"]
[WhiteTeam "Edgware Gambits F"]
[BlackTeam "Leeds Juniors 2"]

1. e4 c5 2. Nf3 Nc6 3. d4 cxd4 4. Nxd4 Nf6 5. Nxc6 bxc6 6. e5 Qa5+ 7. Bd2 Qxe5+
8. Be2 Qxb2 9. Bc3 Qb6 10. Bf3 Ba6 11. Be2 g6 12. O-O Bg7 13. Re1 e6 14. Na3
O-O 15. Rb1 Bxe2 16. Qxe2 Qc5 17. Bb4 Qd5 18. Bxf8 Bxf8 19. c4 Qa5 20. Nc2 Qxa2
21. Rbd1 Rb8 22. Rd2 Qb3 23. Nd4 Qb6 24. Red1 Bc5 25. Qe5 Ng4 26. Qf4 f5 27.
Qg5 Bxd4 28. Rxd4 Qxd4 29. Rf1 Qxc4 30. h3 Ne5 31. Qf6 Nd3 32. Qe7 Nc5 33. Kh2
Qxf1 34. Qxc5 Qxf2 35. Qxf2 Rb5 36. Qxa7 d5 37. Qd7 d4 38. Qxe6+ Kg7 39. Qxc6
Rb8 40. Qe6 d3 41. Qe5+ 1-0

[Event "Junior Online 4NCL Division 4"]
[Site "online"]
[Date "2021.01.21"]
[Round "1.62"]
[White "Agrawal, Sahil"]
[Black "Patel, Amya Hetal"]
[Result "1-0"]
[WhiteElo "1232"]
[BlackElo "1167"]
[PlyCount "23"]
[EventDate "2021.01.21"]
[WhiteTeam "Leeds Juniors 2"]
[BlackTeam "Edgware Gambits F"]

1. e4 e6 2. d4 d5 3. e5 c5 4. c3 Nc6 5. Nf3 Qb6 6. Bd3 Bd7 7. Bc2 Nge7 8. O-O
Nf5 9. Bxf5 Be7 10. Bc2 O-O 11. Qd3 Rac8 12. Qxh7# 1-0

[Event "Junior Online 4NCL Division 4"]
[Site "online"]
[Date "2021.01.21"]
[Round "1.63"]
[White "Rahamim, Liad"]
[Black "Yerabati, Samiksha"]
[Result "0-1"]
[WhiteElo "1179"]
[BlackElo "1201"]
[PlyCount "60"]
[EventDate "2021.01.21"]
[WhiteTeam "Edgware Gambits F"]
[BlackTeam "Leeds Juniors 2"]

1. d4 d5 2. c4 e6 3. Nf3 Nf6 4. g3 c5 5. cxd5 exd5 6. Bg2 Be6 7. O-O Be7 8. Bf4
Nc6 9. dxc5 Bxc5 10. Nbd2 h6 11. Rc1 Be7 12. Re1 Qd7 13. Nb3 O-O 14. Be3 a6 15.
Nc5 Bxc5 16. Bxc5 Rfc8 17. e3 Bg4 18. h3 Bxh3 19. Bxh3 Qxh3 20. b4 Re8 21. Rc2
Re6 22. Rc3 Ne4 23. Ra3 Rc8 24. b5 Nxc5 25. Qxd5 Nb4 26. Qb3 Nxb3 27. Rxb3 Nxa2
28. Ra1 Rc1+ 29. Rxc1 Nxc1 30. Rc3 Ne2# 0-1

[Event "Junior Online 4NCL Division 4"]
[Site "online"]
[Date "2021.01.21"]
[Round "1.64"]
[White "Sasikumar, Srivathsan"]
[Black "Datta, Ishan"]
[Result "1-0"]
[WhiteElo "1104"]
[BlackElo "1063"]
[PlyCount "139"]
[EventDate "2021.01.21"]
[WhiteTeam "Leeds Juniors 2"]
[BlackTeam "Edgware Gambits F"]

1. d4 c6 2. Bf4 d5 3. Nf3 Bf5 4. e3 Nd7 5. Bd3 Bxd3 6. Qxd3 Ngf6 7. Nbd2 e6 8.
c3 Be7 9. O-O O-O 10. Rfe1 h6 11. e4 dxe4 12. Nxe4 Qb6 13. Rab1 a5 14. a3 c5
15. Be3 cxd4 16. Bxd4 Qc7 17. Bxf6 Bxf6 18. Rbd1 Rad8 19. Qe3 Bg5 20. Nexg5
hxg5 21. Qxg5 Nf6 22. Rc1 Nh7 23. Qg3 Qb6 24. Ne5 Qxb2 25. Rb1 Qxa3 26. Rxb7
Qd6 27. Rbb1 a4 28. Ra1 a3 29. c4 Qd4 30. Qxa3 Qh4 31. Rad1 Rxd1 32. Rxd1 Qe4
33. Qe3 Qxe3 34. fxe3 Ra8 35. Kf2 Nf6 36. Kf3 Kh7 37. Nxf7 Kg6 38. Ne5+ Kf5 39.
Nd3 Rd8 40. Ke2 e5 41. h3 e4 42. g4+ Kg5 43. Nf4 Rc8 44. Rc1 Nd7 45. c5 Ne5 46.
c6 Nxc6 47. Ne6+ Kf6 48. Nf4 Kg5 49. Kd2 Kh6 50. Ne6 Kg6 51. Nd4 Kg5 52. Rxc6
Rxc6 53. Nxc6 Kh4 54. Ne5 Kxh3 55. Kc3 Kg3 56. Kd4 Kh4 57. Kxe4 Kg5 58. Kd5 Kf6
59. Nf3 g5 60. e4 Kg6 61. e5 Kf7 62. Nxg5+ Kg7 63. e6 Kg8 64. Kd6 Kf8 65. Nh7+
Ke8 66. g5 Kd8 67. e7+ Ke8 68. Nf6+ Kf7 69. e8=Q+ Kg7 70. Qg8# 1-0

[Event "Junior Online 4NCL Division 4"]
[Site "online"]
[Date "2021.01.21"]
[Round "1.65"]
[White "Yerabati, Suhrith"]
[Black "Popat, Imara"]
[Result "0-1"]
[WhiteElo "1275"]
[BlackElo "1137"]
[PlyCount "24"]
[EventDate "2021.01.21"]
[WhiteTeam "Leeds Juniors 2"]
[BlackTeam "Edgware Gambits F"]

1. e4 d5 2. exd5 Nf6 3. Nc3 c6 4. dxc6 Nxc6 5. Nf3 Bf5 6. d3 e5 7. Qe2 Bd6 8.
d4 Qe7 9. dxe5 Nxe5 10. Nxe5 Bxe5 11. Be3 O-O 12. Qf3 Bg4 0-1

[Event "Junior Online 4NCL Division 4"]
[Site "online"]
[Date "2021.01.21"]
[Round "1.66"]
[White "Patel, Amya Hetal"]
[Black "Agrawal, Sahil"]
[Result "1-0"]
[WhiteElo "1167"]
[BlackElo "1232"]
[PlyCount "169"]
[EventDate "2021.01.21"]
[WhiteTeam "Edgware Gambits F"]
[BlackTeam "Leeds Juniors 2"]

1. e4 c5 2. Nf3 Nc6 3. Nc3 d6 4. d3 Nf6 5. Be2 g6 6. Be3 Bg7 7. Qd2 h6 8. O-O
Ng4 9. h3 Nxe3 10. Qxe3 Bd4 11. Qd2 Bg7 12. Rad1 O-O 13. Rfe1 g5 14. Bf1 g4 15.
hxg4 Bxg4 16. Qf4 Qd7 17. g3 e5 18. Qe3 f5 19. exf5 Qxf5 20. Bg2 Bxf3 21. Bxf3
Qxf3 22. Qxf3 Rxf3 23. Nd5 Nd4 24. c4 Raf8 25. Ne7+ Kf7 26. Nd5 Kg6 27. Re4
Rxf2 28. Rg4+ Kh5 29. Rxg7 Nf3+ 30. Kxf2 Ng5+ 31. Ke2 Rf7 32. Rh1+ Kg4 33. Ne3+
Kxg3 34. Rxf7 Nxf7 35. Nf5+ Kf4 36. Nxh6 Ng5 37. Rf1+ Kg3 38. Nf5+ Kg4 39. Nh6+
Kh5 40. Rh1+ Kg6 41. Ng4 Kf5 42. Ne3+ Kf4 43. Rf1+ Kg3 44. Rf6 Nh3 45. Rxd6
Ng1+ 46. Kf1 Nf3 47. Rd5 b6 48. Ke2 Nd4+ 49. Kf1 Nc6 50. Nf5+ Kf4 51. Nh4 Kg3
52. Nf5+ Kf4 53. Ng7 Ke3 54. Ne6 Kf3 55. a3 Kg4 56. b4 cxb4 57. axb4 Nxb4 58.
Rxe5 Nxd3 59. Re4+ Kf3 60. Ng5+ Kg3 61. Re3+ Kg4 62. Rxd3 Kxg5 63. Ra3 a5 64.
Rb3 Kf5 65. Rxb6 Ke5 66. Ke2 Kd4 67. Rc6 a4 68. Kd2 a3 69. Kc2 a2 70. Kb2 a1=B+
71. Kxa1 Kc3 72. Ka2 Kb4 73. Kb2 Ka5 74. Kc2 Kb4 75. Kd3 Kb3 76. Kd4 Kb4 77.
Rb6+ Ka5 78. Rb8 Ka6 79. c5 Ka7 80. Rb1 Ka6 81. c6 Ka7 82. c7 Ka6 83. c8=Q+ Ka5
84. Qc5+ Ka6 85. Qb6# 1-0

[Event "Junior Online 4NCL Division 4"]
[Site "online"]
[Date "2021.01.21"]
[Round "1.67"]
[White "Yerabati, Samiksha"]
[Black "Rahamim, Liad"]
[Result "1-0"]
[WhiteElo "1201"]
[BlackElo "1179"]
[PlyCount "35"]
[EventDate "2021.01.21"]
[WhiteTeam "Leeds Juniors 2"]
[BlackTeam "Edgware Gambits F"]

1. e4 Nf6 2. e5 Ng8 3. Nf3 d5 4. exd6 Qxd6 5. d4 Nc6 6. Nc3 Qd8 7. Bf4 a6 8.
Be2 Nf6 9. Bc4 b5 10. Bb3 Bf5 11. Ng5 Bg6 12. Nf3 h6 13. d5 Nb4 14. a3 Nbxd5
15. Nxd5 Rc8 16. Ne5 e6 17. Nxf6+ Qxf6 18. Qd7# 1-0

[Event "Junior Online 4NCL Division 4"]
[Site "online"]
[Date "2021.01.21"]
[Round "1.68"]
[White "Datta, Ishan"]
[Black "Sasikumar, Srivathsan"]
[Result "0-1"]
[WhiteElo "1063"]
[BlackElo "1104"]
[PlyCount "106"]
[EventDate "2021.01.21"]
[WhiteTeam "Edgware Gambits F"]
[BlackTeam "Leeds Juniors 2"]

1. d4 d5 2. c4 Nf6 3. cxd5 Nxd5 4. e4 Nb6 5. Nf3 Bd7 6. Nc3 e6 7. Bc4 Bb4 8.
Bb3 Bxc3+ 9. bxc3 O-O 10. O-O Re8 11. Bg5 f6 12. Bc1 Bb5 13. Re1 Kh8 14. Ba3
Nc6 15. c4 Bxc4 16. Bxc4 Nxc4 17. Bb4 Nxb4 18. Qc1 Nb6 19. Rb1 Nd3 20. Qd2 Nxe1
21. Qxe1 e5 22. dxe5 fxe5 23. Rb5 a6 24. Ra5 Qd7 25. Nxe5 Qe7 26. Nf3 Qxe4 27.
Qf1 Qe2 28. h3 Qxf1+ 29. Kxf1 Red8 30. Rf5 Rf8 31. Rc5 Rad8 32. Rxc7 Rfe8 33.
Kg1 Rd7 34. Rc1 Rc8 35. Re1 h6 36. Ne5 Rdd8 37. Nf7+ Kh7 38. Nxd8 Rxd8 39. Re6
Nc4 40. Re4 b5 41. Re6 Rd6 42. Re8 Rd2 43. a4 bxa4 44. Rc8 Nb2 45. Ra8 Rd6 46.
Rb8 a3 47. Kh2 a2 48. Rxb2 a1=Q 49. Re2 Qd1 50. Ra2 Qd2 51. Rc2 Qxc2 52. f3 Rg6
53. f4 Qxg2# 0-1

[Event "Junior Online 4NCL Division 4"]
[Site "online"]
[Date "2021.01.21"]
[Round "1.71"]
[White "Spitz, Danny"]
[Black "Jhamna, Florian"]
[Result "1/2-1/2"]
[WhiteElo "1107"]
[BlackElo "1369"]
[PlyCount "56"]
[EventDate "2021.01.21"]
[WhiteTeam "Coldfall Bishops"]
[BlackTeam "The Hall 2"]

1. g3 d5 2. Bg2 e5 3. d3 Nf6 4. Bg5 Be7 5. Nf3 Nc6 6. O-O O-O 7. c4 Bg4 8. Nc3
d4 9. Nb1 h6 10. Bxf6 Bxf6 11. Nbd2 Bg5 12. Nxg5 Qxg5 13. f4 exf4 14. gxf4 Qg6
15. Kh1 Rfe8 16. Be4 Qh5 17. Qb3 Bxe2 18. Rfe1 f5 19. Bd5+ Kh8 20. Qxb7 Ne7 21.
Qxc7 Nxd5 22. cxd5 Bf3+ 23. Nxf3 Qxf3+ 24. Kg1 Qg4+ 25. Kf1 Qh3+ 26. Kg1 Qg4+
27. Kf1 Qf3+ 28. Kg1 Qg4+ 1/2-1/2